000 00426cam a2200169ua 4500
003 OSt
008 240223b |||||||| |||| 00| 0 eng d
041 _aeng
082 _a631.4
_bMIL/SO
100 _aMiller, Raymond W .
_96096
245 _aSoil in our environment /
250 _a8 /
260 _aNew Jersey :
_bPrentice Hall Inc ,
_c1998.
300 _a736 ; .
700 1 _aGardiner, Duane T .
_96115
942 _cBK
999 _c10138
_d10138